[Event "Piestany op-B"]
[Site "Piestany"]
[Date "2023.07.14"]
[Round "4"]
[White "Papp, Gabor3333"]
[Black "Jaroszewski, Mateusz"]
[Result "0-1"]
[WhiteElo "1669"]
[BlackElo "1310"]
[PlyCount "56"]
[EventDate "2023.07.11"]
[EventType "swiss"]
[EventRounds "9"]
[EventCountry "SVK"]
[SourceTitle "EXT 2024"]
[Source "ChessBase"]
[SourceDate "2023.10.10"]
[SourceVersion "1"]
[SourceVersionDate "2023.10.10"]
[SourceQuality "1"]

1. a3 e5 2. e3 d5 3. d4 Bd6 4. Nf3 e4 5. Nfd2 c6 6. c4 Be6 7. Qb3 b6 8. Nc3 Nf6 9. cxd5 cxd5 10. Bb5+ Nbd7 11. Bc6 Rc8 12. Bb7 Rb8 13. Bxd5 Nxd5 14. Nxd5 Qg5 15. Nxe4 Bxd5 16. Nxd6+ Ke7 17. Qb4 Qxg2 18. Rf1 a5 19. Nf5+ Kf6 20. Qe7+ Kxf5 21. Qxd7+ Be6 22. Qd6 Bc4 23. Qd7+ Kg6 24. Qd6+ Kh5 25. Qe5+ g5 26. Qf5 Qxf1+ 27. Kd2 Qe2+ 28. Kc3 Rbc8 0-1

[Event "Piestany op-B"]
[Site "Piestany"]
[Date "2023.07.11"]
[Round "1"]
[White "Jaroszewski, Mateusz"]
[Black "Nahalka, Jan"]
[Result "1-0"]
[WhiteElo "1310"]
[BlackElo "1772"]
[PlyCount "55"]
[EventDate "2023.07.11"]
[EventType "swiss"]
[EventRounds "9"]
[EventCountry "SVK"]
[SourceTitle "EXT 2024"]
[Source "ChessBase"]
[SourceDate "2023.10.10"]
[SourceVersion "1"]
[SourceVersionDate "2023.10.10"]
[SourceQuality "1"]

1. e4 e5 2. Nf3 Nc6 3. Bc4 Bc5 4. c3 Nf6 5. d3 d6 6. 0-0 a6 7. a4 0-0 8. Nbd2 Ba7 9. h3 h6 10. Re1 Re8 11. Nf1 Be6 12. Bxe6 Rxe6 13. Ng3 Re8 14. Be3 Bxe3 15. fxe3 d5 16. exd5 Nxd5 17. e4 Nf6 18. b4 b5 19. Qd2 Qd7 20. a5 Rad8 21. Rad1 Qe6 22. Qb2 g6 23. d4 exd4 24. cxd4 Qc4 25. d5 Nxd5 26. exd5 Nxb4 27. Rxe8+ Rxe8 28. Rd4 1-0